000 00977nam a22002537a 4500
005 20170124102952.0
010 _aA-922832
020 _c80.00
035 _aA-922832
037 _bCen Lib/Ret
040 _aDPL
_bHN
082 _a
_bदीक्षित
100 _aदीक्षित, मदन
_94358
245 _aगिरगिट /
_cमदन दीक्षित
246 _aGirgit /
_bby Madan Dikshit
260 _aदिल्ली
_bकल्पतरु प्रकाशक
_c1998
270 _a592-बी, नेहरु गली, विश्वास नगर, शाहदरा
_bदिल्ली
_e110032
300 _a80पृ.
_c21सेमी (सजिल्द)
650 _aहिन्दी साहित्य
_952069
650 _aहिन्दी उपन्यास
_952070
650 _aHindi literature
_952071
650 _aHindi novel
_952072
942 _2ddc
_cHN
_h
_mदीक्षित
999 _c113399
_d113399